00478nam a22001692 4500001001100000005001700011008004100028020002800069040001500097050002200112100003200134245002700166250001200193260004500205300001900250650003900269000000297220151217151910.0070424s xx 000 0 eng d a0333730976 :cKES 4,390 aKABUcKABU 0aHG3881b.P55 19981 aPilbeam, Keith.@000015253110aInternational finance. a2nd ed. aBasingstoke, England :bPalgrave,c1998. axxviii, 488 p. 0aInternational finance.@0000149975